Ibn Battuta / (Record no. 10079)
[ view plain ]
| 000 -LEADER | |
|---|---|
| fixed length control field | 03707 a2200457 4500 |
| 005 - DATE AND TIME OF LATEST TRANSACTION | |
| control field | 20090519142840.0 |
| 008 - FIXED-LENGTH DATA ELEMENTS--GENERAL INFORMATION | |
| fixed length control field | 090519t xxu||||| |||| 00| 0 eng d |
| 010 ## - LCCN (DPL NO) | |
| LC control number | ENG-89127 B-309896-906 |
| 020 ## - INTERNATIONAL STANDARD BOOK NUMBER | |
| International Standard Book Number | 9780195694444 |
| Terms of availability | 225.00 |
| 020 ## - INTERNATIONAL STANDARD BOOK NUMBER | |
| International Standard Book Number | 0195694449 |
| Terms of availability | 225.00 |
| 035 ## - SYSTEM CONTROL NUMBER | |
| System control number | EN-72660 |
| 035 ## - SYSTEM CONTROL NUMBER | |
| System control number | B-309896-906 |
| 035 ## - SYSTEM CONTROL NUMBER | |
| System control number | B-359129 |
| 037 ## - SOURCE OF ACQUISITION | |
| Source of stock number/acquisition | DBAD / PUB |
| 037 ## - SOURCE OF ACQUISITION | |
| Source of stock number/acquisition | Pansy Books |
| 040 ## - CATALOGING SOURCE | |
| Original cataloging agency | dpl |
| Language of cataloging | English |
| 082 ## - DEWEY DECIMAL CLASSIFICATION NUMBER | |
| Classification number | 915.042 |
| 100 ## - MAIN ENTRY--PERSONAL NAME | |
| Personal name | Harvey, L.P. |
| 245 ## - TITLE STATEMENT | |
| Title | Ibn Battuta / |
| Statement of responsibility, etc | by L.P. Harvey |
| 260 ## - PUBLICATION, DISTRIBUTION, ETC. (IMPRINT) | |
| Place of publication, distribution, etc | New Delhi |
| Name of publisher, distributor, etc | Oxford University Press |
| Date of publication, distribution, etc | 2007 |
| 270 ## - ADDRESS | |
| Address | YMCA Library Building, Jai Singh Road |
| City | New Delhi |
| Postal code | 110 001 |
| 300 ## - PHYSICAL DESCRIPTION | |
| Extent | viii, 127p. |
| Dimensions | 22cm(pbk) |
| 490 ## - SERIES STATEMENT | |
| Series statement | Makers of Islamic civilization/edited by Farhan A. Nizami |
| 500 ## - GENERAL NOTE | |
| General note | Includes bibliographical references and index |
| 942 ## - ADDED ENTRY ELEMENTS (KOHA) | |
| Institution code [OBSOLETE] | dpl |
| Item type | English Books |
| Source of classification or shelving scheme | Dewey Decimal Classification |
| Classification part | 915.042 |
| Call number suffix | HAR |
| Withdrawn status | Lost status | Source of classification or shelving scheme | Damaged status | Not for loan | Home library | Current library | Date acquired | Cost, normal purchase price | Total Checkouts | Barcode | Date last seen | Cost, replacement price | Koha item type | Collection code | Source of acquisition | Full call number | Copy number | Checked out | Total Renewals |
|---|---|---|---|---|---|---|---|---|---|---|---|---|---|---|---|---|---|---|---|
| Dewey Decimal Classification | Andrews Gunj | Andrews Gunj | 19/05/2009 | 225.00 | B-309903 | 19/05/2009 | 225.00 | English Books | Non-fiction | UBS/8475/3.1.09/248/12.12.08/7.1.09 | 915.042 HAR | 1 | |||||||
| Dewey Decimal Classification | Central Library | Central Library | 19/05/2009 | 225.00 | 3 | B-309896 | 18/04/2024 | 225.00 | English Books | Non-fiction | UBS/8475/3.1.09/248/12.12.08/7.1.09 | 915.042 HAR | 1 | ||||||
| Dewey Decimal Classification | Andrews Gunj | D.B.Act.Division | 01/10/2008 | 225.00 | EN-72660 | 15/09/2008 | 225.00 | English Books | |||||||||||
| Dewey Decimal Classification | Janak Puri | Janak Puri | 01/10/2009 | 225.00 | 19 | B-359129 | 18/06/2025 | 225.00 | English Books | Non-fiction | Pansy Books/942/29.9.09/92/4.9.09/29.9.09 | 915.042 HAR | 1 | 2 | |||||
| Dewey Decimal Classification | Karol Bagh | Karol Bagh | 19/05/2009 | 225.00 | B-309905 | 19/05/2009 | 225.00 | English Books | Non-fiction | UBS/8475/3.1.09/248/12.12.08/7.1.09 | 915.042 HAR | 1 | |||||||
| Dewey Decimal Classification | Mobile Library | Mobile Library | 19/05/2009 | 225.00 | B-309897 | 19/05/2009 | 225.00 | English Books | Non-fiction | UBS/8475/3.1.09/248/12.12.08/7.1.09 | 915.042 HAR | 2 | |||||||
| Dewey Decimal Classification | Mobile Library | Mobile Library | 19/05/2009 | 225.00 | B-309898 | 19/05/2009 | 225.00 | English Books | Non-fiction | UBS/8475/3.1.09/248/12.12.08/7.1.09 | 915.042 HAR | 2 | |||||||
| Dewey Decimal Classification | Patel Nagar | Patel Nagar | 19/05/2009 | 225.00 | 2 | B-309899 | 01/03/2023 | 225.00 | English Books | Non-fiction | UBS/8475/3.1.09/248/12.12.08/7.1.09 | 915.042 HAR | 1 | 15/03/2023 | |||||
| Dewey Decimal Classification | Peshwa Road | Peshwa Road | 19/05/2009 | 225.00 | 1 | B-309900 | 23/08/2022 | 225.00 | English Books | Non-fiction | UBS/8475/3.1.09/248/12.12.08/7.1.09 | 915.042 HAR | 1 | ||||||
| Dewey Decimal Classification | R.K.Puram-8 | R.K.Puram-8 | 19/05/2009 | 225.00 | B-309902 | 19/05/2009 | 225.00 | English Books | Non-fiction | UBS/8475/3.1.09/248/12.12.08/7.1.09 | 915.042 HAR | 1 | |||||||
| Dewey Decimal Classification | Sarojini Nagar | Sarojini Nagar | 19/05/2009 | 225.00 | 9 | B-309901 | 17/07/2020 | 225.00 | English Books | Non-fiction | UBS/8475/3.1.09/248/12.12.08/7.1.09 | 915.042 HAR | 1 | 4 | |||||
| Dewey Decimal Classification | Shahdara Branch | Shahdara Branch | 19/05/2009 | 225.00 | 1 | B-309906 | 24/05/2019 | 225.00 | English Books | Non-fiction | UBS/8475/3.1.09/248/12.12.08/7.1.09 | 915.042 HAR | 1 | ||||||
| Dewey Decimal Classification | Sriniwas Puri | Sriniwas Puri | 19/05/2009 | 225.00 | B-309904 | 19/05/2009 | 225.00 | English Books | Non-fiction | UBS/8475/3.1.09/248/12.12.08/7.1.09 | 915.042 HAR | 1 |
